| 000 | 01525cam a22004454i 4500 | ||
|---|---|---|---|
| 003 | PE-LiUPU | ||
| 005 | 20250731184511.0 | ||
| 008 | 161005s r 000 0 spa d | ||
| 020 | _a9972755630 | ||
| 035 | _a(Sirsi) a163984 | ||
| 049 | _aPRUA | ||
| 082 | 0 | 4 |
_a920.008 _bM26 |
| 100 | 1 |
_aMariátegui, Javier, _eautor. |
|
| 245 |
_aJuan Francisco Valega y la Lima de su tiempo / _cJavier Mariátegui. |
||
| 264 |
_aLima : _Fondo editorial del congreso del Perú, _c2000. |
||
| 300 |
_a200 páginas ; _c21 centímetros. |
||
| 336 |
_text _2rdacontent |
||
| 337 |
_unmediated _2rdamedia |
||
| 338 |
_volume _2rdacarrier |
||
| 505 | 0 | _aPresentación -- Introducción -- Juan Francisco Valega y la Lima de su tiempo -- La raíz autóctona de su ser -- La poesía en la etapa juvenil -- Una experiencia sensibilizante -- Sus maestros -- La estratégia formativa de Valdizán -- La Psiquiatría. | |
| 526 | _aP136 | ||
| 526 | _aP135 | ||
| 526 | _aP134 | ||
| 526 | _aP133 | ||
| 526 | _aP144 | ||
| 526 | _aP143 | ||
| 526 | _aP87 | ||
| 526 | _aP35 | ||
| 526 | _aP20 | ||
| 526 | _aP14 | ||
| 526 | _aP10 | ||
| 526 | _aP06 | ||
| 650 | 0 | 4 | _aBiografías. |
| 650 | 0 | 4 | _aMédicos. |
| 264 | 1 | _a**REQUIRED FIELD** | |
| 596 | _a1 | ||
| 942 |
_2ddc _cBOOK |
||
| 999 |
_a920.008 M26 _wDEWEY _c12840 _i74862 _d12840 _e2019-11-17 _f2021-11-8 _g5 _lCCODEBUL1 _mBUL _n1 _r0 _sY _tBOOK _u2016-10-5 _xBIBLIOTECA _zUNKNOWN _0DONACION _o.STAFF. Colección FACIHED |
||
| 980 |
_81 _gALBERTO SANCHEZ Responsable de Automatización |
||